000 00474nam a2200181 a 4500
001 1396
003 CO-ViMGA
008 141112s2004 ck r 000 u spa d
040 _aCO-ViMGA
_bspa
_cCO-ViMGA
082 0 4 _aA863.44 S674p
100 1 _aSoriano, Osvaldo
_94970
245 1 0 _aPiratas, fantasmas y dinosaurios
260 _aSantafé de Bogotá :
_bNorma,
_c1997
300 _a269 p
490 _aLa otra orilla
650 1 4 _aNOVELA ARGENTINA
_92131
942 _2ddc
_cBK
999 _c13598
_d13598